| 000 | 01013cam a22003133a 4500 | ||
|---|---|---|---|
| 001 | 544 | ||
| 003 | PGUSA | ||
| 005 | 20140828082949.0 | ||
| 008 | 960501s1996||||xxu|||||s|||||000 1 eng d | ||
| 040 |
_aPGUSA _beng |
||
| 042 | _adc | ||
| 050 | 4 | _aPZ | |
| 100 | 1 |
_aMontgomery, L. M. _q(Lucy Maud), _d1874-1942 |
|
| 245 | 1 | 0 |
_aAnne's House of Dreams _h[electronic resource] / _cL. M. Montgomery |
| 260 |
_bProject Gutenberg, _c1996 |
||
| 506 | _aPublic domain in the USA. | ||
| 516 | _aElectronic text | ||
| 653 | _aShirley, Anne (Fictitious character) -- Fiction | ||
| 653 | _aCanada -- History -- 1867-1914 -- Fiction | ||
| 653 | _aYoung women -- Fiction | ||
| 653 | _aMarriage -- Fiction | ||
| 653 | _aOrphans -- Fiction | ||
| 653 | _aPrince Edward Island -- History -- 20th century -- Fiction | ||
| 653 | _aFriendship -- Fiction | ||
| 653 | _aCountry life -- Prince Edward Island -- Fiction | ||
| 830 | 0 |
_aProject Gutenberg _v544 |
|
| 856 | 4 | 0 | _uhttp://www.gutenberg.org/ebooks/544 |
| 942 | _cEB | ||
| 999 |
_c229895 _d229895 |
||